Parc a taula : Descarrega't l'app! : i gaudeix dels sabors dels nostres parcs Descarrega't l'app! : i gaudeix dels sabors dels nostres parcs
Descripción Física:
1 fulletó ; il. col ; 21 x 10 cm.
Idioma:
Catalán
MARC
| LEADER | 00000nam a22000007a 4500 | ||
|---|---|---|---|
| 001 | 27013, 27014, 27015 | ||
| 003 | Arxiu | ||
| 005 | 20260324181145.0 | ||
| 008 | 221123b spa||||| |||| 00| 0 cat d | ||
| 017 | |a B 10540-2016 | ||
| 040 | |a agdb |b cat | ||
| 041 | |a cat | ||
| 245 | |a Parc a taula : |b Descarrega't l'app! : i gaudeix dels sabors dels nostres parcs | ||
| 260 | |a Barcelona : |b Diputació de Barcelona. Xarxa de Parcs Naturals ; |c 2016 | ||
| 300 | |a 1 fulletó ; |b il. col ; |c 21 x 10 cm. | ||
| 650 | 0 | |9 44953 |a Turisme gastronòmic | |
| 650 | 0 | |a Parcs Naturals |z Barcelona (Catalunya : Província) |9 49557 | |
| 710 | 1 | |9 7250 |a Barcelona (Catalunya : Província). |b Xarxa de Parcs Naturals | |
| 942 | |2 udc |c ARXIU |n 1 | ||
| 952 | |0 0 |1 0 |2 udc |4 0 |6 FU7351 |7 1 |9 64299 |a Arxiu |b Arxiu |d 2022-11-23 |l 0 |o FU-73-51 |p 27013 |r 2022-11-23 00:00:00 |w 2022-11-23 |y ARXIU | ||
| 952 | |0 0 |1 0 |2 udc |4 0 |6 FU7352 |7 1 |9 64300 |a Arxiu |b Arxiu |d 2022-11-23 |l 0 |o FU-73-52 |p 27014 |r 2022-11-23 00:00:00 |w 2022-11-23 |y ARXIU | ||
| 952 | |0 0 |1 0 |2 udc |4 0 |6 PDL |7 1 |9 64301 |a Arxiu |b Arxiu |d 2022-11-23 |l 0 |o PDL |p 27015 |r 2022-11-23 00:00:00 |w 2022-11-23 |y ARXIU | ||
| 999 | |c 82769 |d 82769 | ||